| 000 | 01077nas a22002177a 4500 | ||
|---|---|---|---|
| 999 |
_c121080 _d121080 |
||
| 001 | K121080 | ||
| 007 | ta | ||
| 008 | 190809b2019 ||||| |||| 00| 0 eng d | ||
| 041 | _aeng | ||
| 100 | _aPenkals, Jowita | ||
| 245 | _aDoing social media strategically | ||
| 490 |
_aRICS Property Journal _vJuly/August 2019, 8-9(2) |
||
| 520 | _aWith social media use growing in prominence and importance, examines how real estate companies should take the opportunities it presents to support business growth. Provides some useful data statistics showing how social media can influence business.. Concludes with case study showing how Kinney Green , an independent firm of chartered surveyors and property consultants has used social media to increase brand awareness and update the company’s image. | ||
| 650 | _aSOCIAL MEDA | ||
| 650 | _aBRAND | ||
| 650 | _aIMAGE | ||
| 650 | _aMARKETING | ||
| 651 | _aUnited Kingdom 1973 | ||
| 690 |
_96226 _aBusiness and management |
||
| 856 |
_uhttps://issuu.com/ricsmodus/docs/property_journal_july-aug_2019/ _zClick here to view at issuu.com |
||